Вып. 27; Вопросы химии и химической технологии

Podrobná bibliografie
Parent link:Вопросы химии и химической технологии: республиканский межведомственный научно-технический сборник/ Днепропетровский химико-технологический институт им. Ф. Э. Дзержинского; отв. ред. М. А. Лошкарев. Вып. 27.— , 1965-1991
Další autoři: Лошкарев М. А. (редактор)
Jazyk:ruština
Vydáno: Харьков, Вища школа, 1972
Témata:
Médium: MixedMaterials Kniha
KOHA link:https://koha.lib.tpu.ru/cgi-bin/koha/opac-detail.pl?biblionumber=675551

MARC

LEADER 00000nam2a2200000 4500
001 675551
005 20241016140446.0
035 |a (RuTPU)RU\TPU\book\313743 
090 |a 675551 
100 |a 20241015d1972 k||y0rusy5003 ca 
101 0 |a rus 
102 |a UA 
105 |a a z 001zy 
181 0 |a i   |b  e  
182 0 |a n 
183 0 |a nc  |2 RDAcarrier 
200 0 |a Вып. 27  |f отв. ред. М. А. Лошкарев 
210 |a Харьков  |c Вища школа  |c Изд-во при Харьковском ун-те  |d 1972 
215 |a 220 с. 
283 |a volume 
320 |a Библиография в конце статей 
461 1 |0 (RuTPU)RU\TPU\book\110873  |t Вопросы химии и химической технологии  |o республиканский межведомственный научно-технический сборник  |f Днепропетровский химико-технологический институт им. Ф. Э. Дзержинского; отв. ред. М. А. Лошкарев  |v Вып. 27  |d 1965-1991 
606 |a Химия  |2 stltpush  |3 (RuTPU)RU\TPU\subj\17362  |9 43035 
606 |a Химическая технология  |x Общие вопросы  |2 stltpush  |3 (RuTPU)RU\TPU\subj\68259  |9 83693 
610 1 |a дегидратированный каолин 
610 1 |a выщелачивание 
610 1 |a фазовые диаграммы 
610 1 |a ароматические углеводороды 
610 1 |a растворители 
610 1 |a вулканизация 
610 1 |a бутадиен-нитрильный каучук 
610 1 |a вторичные амины 
610 1 |a третичные амины 
610 1 |a суспензии 
610 1 |a электропроводимость 
610 1 |a металлокерамические электроды 
610 1 |a окисноникелевые электроды 
610 1 |a равновесие 
610 1 |a система С, H, O, N 
610 1 |a микроэлементы 
610 1 |a добавки 
610 1 |a кристаллическая решетка 
610 1 |a диаммонийфосфат 
610 1 |a растворы 
610 1 |a электрокристаллизация 
610 1 |a деполяризующее действие 
610 1 |a тиомочевина 
610 1 |a комплексообразователи 
610 1 |a этилхлорсиланы 
610 1 |a синтез 
610 1 |a грунтовые эмали 
610 1 |a ароматические углеводороды 
610 1 |a электролизер 
610 1 |a шлакоситаллы 
610 1 |a микротвердость 
610 1 |a флуорантен-7,12-дисульфокислоты 
610 1 |a свойства 
610 1 |a кремнийорганические лаки 
610 1 |a термическая стойкость 
610 1 |a химическая стойкость 
610 1 |a метилтимоловый синий 
610 1 |a органические добавки 
610 1 |a адсорбция 
610 1 |a пневмогранулятор 
610 1 |a изонадтиоцановая кислота 
610 1 |a кислородные электроды 
675 |a 54  |v 3 
675 |a 66  |v 3 
702 |4 340  |a Лошкарев  |b М. А. 
801 0 |a RU  |b RuMRKP  |c 20241015  |g psbo 
801 1 |a RU  |b 63413507  |c 20241015 
801 2 |a RU  |b 63413507  |c 20241015  |g RCR 
850 |a 63413507 
942 |c CR